000 00493nam a2200181Ia 4500
001 25292
005 20260414151140.0
008 260414t2009||||xx |||||||||||||| ||spa||
041 _aESP
082 _a346.431J
_bG12
100 _aGaceta Jurídica
_eAUT
245 0 _aJurisprudencia inmobiliaria registral :
_búltimos precedentes del Tribunal Registral (2008-2009)
260 _c2009
300 _a527 páginas :
_c24 cm.
650 _aDER
654 _aCDE
942 _cLIB
_dJUS
_fJUS
_2ddc
_n
999 _c25292
_d25292